Statistics for Biggest Country Subdivisions by Land Area

Click here to take the quiz!

General Stats

  • This quiz has been taken 27 times
  • The average score is 20 of 50

Answer Stats

NationArea (sq.km)Subdivision TypeAnswer% Correct
United States1,717,854StateAlaska
92%
Denmark2,166,086Constituent CountryGreenland
92%
Australia2,645,615StateWestern Australia
88%
Canada2,093,190TerritoryNunavut
84%
Canada1,542,056ProvinceQuebec
80%
Canada948,596ProvinceBritish Columbia
76%
Australia1,420,968TerritoryNorthern Territory
76%
Canada1,076,395ProvinceOntario
76%
United States696,241StateTexas
76%
Canada661,848ProvinceAlberta
72%
Australia809,444StateNew South Wales
72%
Canada1,346,106TerritoryNorthwest Territories
72%
Australia1,852,642StateQueensland
72%
China1,228,400Autonomous RegionTibet
72%
Canada651,036ProvinceSaskatchewan
68%
Australia1,043,514StateSouth Australia
68%
Canada482,443TerritoryYukon
68%
Canada647,797ProvinceManitoba
60%
Russia3,103,200RepublicSakha
56%
Brazil1,570,947StateAmazonas
52%
China1,183,000Autonomous RegionInner Mongolia
52%
China1,660,000Autonomous RegionXinjiang
52%
Russia472,300KraiKamchatka
36%
China485,000ProvinceSichuan
36%
Russia2,339,700KraiKrasnoyarsk
32%
Brazil906,807StateMato Grosso
32%
Saudi Arabia672,522ProvinceEastern
24%
China460,000ProvinceHeilongjiang
24%
China721,000ProvinceQinghai
24%
Brazil564,273StateBahia
20%
China454,000ProvinceGansu
20%
Russia767,900OblastIrkutsk
20%
Brazil1,253,164StatePará
20%
Brazil586,528StateMinas Gerais
16%
Mali496,611RegionTombouctou
16%
Niger634,209RegionAgadez
12%
Russia788,600KraiKhabarovsk
12%
Russia737,300Autonomous OkrugChukotka
8%
Russia523,100Autonomous OkrugKhanty-Mansi
8%
Russia461,400OblastMagadan
8%
Dem. Rep. of the Congo503,239ProvinceOrientale
8%
Algeria556,200ProvinceTamanrasset
8%
Algeria443,782ProvinceAdrar
4%
Russia587,400OblastArkhangelsk
4%
Kazakhstan428,000RegionKaragandy
4%
Dem. Rep. of the Congo496,871ProvinceKatanga
4%
Egypt440,098GovernorateNew Valley
4%
Russia750,300Autonomous OkrugYamalo-Nenets
4%
Russia431,500KraiZabaykalsky
4%
Libya479,160DistrictKufra
0%

Score Distribution

Percentile by Number Answered

Percent of People with Each Score

Your Score History

You have not taken this quiz